| 000 | 00639nam a2200193Ia 4500 | ||
|---|---|---|---|
| 003 | GCL | ||
| 008 | 140319s9999 xx 000 0 ara d | ||
| 040 |
_aGCL / _cGCL |
||
| 082 | 0 | 4 |
_a891.4 _bد ك |
| 100 | 1 | _aمحمد حسنى اسماعيل (مترجم) | |
| 245 | 1 | 0 |
_aاللالىء الشرقية : قصص شعبى هندى / _cمحمد حسنى اسماعيل (مترجم) |
| 700 | 1 | _aديفى، شوفونا | |
| 300 | _a222 ص | ||
| 490 | _a | ||
| 650 | 0 | 4 | _aالادب العالمى المترجم |
| 650 | 0 | 4 | _aالادب الهندى المترجم |
| 650 | 0 | 4 | _aالقصص الهندية القصيرة |
| 942 |
_2ddc _cBK |
||
| 999 |
_c43519 _d43519 |
||